Państwa Afryki z największą liczbą muzułmanów - Statystyki

Ogólne statystyki
  • Ten quiz został rozwiązany 203 razy
  • Średni wynik to 8 z 10
Statystyki odpowiedzi
# Muzułmanie % Muzułmanie Państwo % Poprawnych
93.4 mln 92.3 Egipt
96%
42.3 mln 99 Algieria
89%
36.3 mln 99 Maroko
89%
22.8 mln 98.3 Niger
89%
100 mln ≈ 50 Nigeria
86%
41.2 mln 97 Sudan
86%
18.7 mln 95 Mali
71%
37.3 mln 33.9 Etiopia
67%
16.1 mln 96.1 Senegal
56%
21.4 mln 35.2 Tanzania
43%
Nie znaleziono quizów pasujących do podanych kryteriów
Rozkład punktacji
Procent ludzi z każdym wynikiem
Percentyl według liczby udzielonych odpowiedzi
Twoja historia wyników
Nie rozwiązałeś tego quizu